[Event "18th "]
[Site "Senta"]
[Date "2014.07.19"]
[Round "1.18"]
[White "Farkas, Janos"]
[Black "Popov, Stevan"]
[Result "0-1"]
[WhiteElo "1726"]
[BlackElo "2189"]
[PlyCount "68"]
[EventDate "2014.07.19"]

1. e4 e5 2. d4 exd4 3. Qxd4 Nc6 4. Qe3 g6 5. Nc3 Bg7 6. Bd2 Nge7 7. O-O-O O-O
8. h4 d5 9. exd5 Nxd5 10. Qf3 Nxc3 11. Bxc3 Qe7 12. Re1 Qc5 13. Bxg7 Kxg7 14.
Nh3 Nd4 15. Qc3 Qxc3 16. bxc3 Nf5 17. g4 Nd6 18. Rg1 Be6 19. a3 Rfe8 20. Nf4
Bxg4 21. Rxe8 Rxe8 22. Bd3 Bf5 23. Kb2 Re5 24. c4 Bxd3 25. cxd3 Rf5 26. Nd5
Rxf2+ 27. Kc3 c6 28. Ne3 Nf5 29. Ng4 Re2 30. h5 c5 31. Kb3 b6 32. hxg6 fxg6 33.
Rf1 h5 34. Rf2 hxg4 0-1

[Event "18th "]
[Site "Senta"]
[Date "2014.07.19"]
[Round "1.26"]
[White "Grbin, Stefan"]
[Black "Bernath, Robert"]
[Result "0-1"]
[WhiteElo "1635"]
[BlackElo "2102"]
[PlyCount "56"]
[EventDate "2014.07.19"]

1. c4 c5 2. Nc3 Nc6 3. g3 g6 4. Bg2 e5 5. e4 Bg7 6. Nge2 Nge7 7. O-O O-O 8. d3
d6 9. h3 Be6 10. Kh2 Rb8 11. f4 a6 12. a4 Nd4 13. Be3 Qd7 14. g4 f5 15. exf5
gxf5 16. g5 d5 17. b3 Rbd8 18. Ng3 e4 19. dxe4 dxe4 20. Rc1 Qc7 21. Bxd4 cxd4
22. Na2 Ng6 23. Nh5 Bh8 24. Qe2 d3 25. Qd2 Qb6 26. Rb1 e3 27. Qc1 e2 28. Rg1 d2
0-1

[Event "18th "]
[Site "Senta"]
[Date "2014.07.19"]
[Round "1.31"]
[White "Kaszas, Viktor"]
[Black "Demic, Aleksandar"]
[Result "1-0"]
[WhiteElo "2068"]
[BlackElo "1593"]
[PlyCount "57"]
[EventDate "2014.07.19"]

1. e4 c5 2. Nf3 d6 3. d4 cxd4 4. Nxd4 Nf6 5. Nc3 g6 6. Be3 Bg7 7. f3 O-O 8. g4
Nc6 9. Qd2 Nxd4 10. Bxd4 Be6 11. O-O-O Qa5 12. Kb1 Rfc8 13. a3 Rab8 14. h4 b5
15. g5 Nh5 16. Bxg7 Nxg7 17. Bh3 b4 18. Nd5 Rb7 19. Bxe6 Nxe6 20. axb4 Qa4 21.
h5 Nd4 22. c3 Nb3 23. Qh2 Qa1+ 24. Kc2 Qa4 25. Kd3 Nc5+ 26. Ke3 e6 27. hxg6
fxg6 28. Nf6+ Kf8 29. Qxd6+ 1-0

[Event "18th "]
[Site "Senta"]
[Date "2014.07.20"]
[Round "2.1"]
[White "Arsic, Djordje"]
[Black "Atalik, Suat"]
[Result "0-1"]
[WhiteElo "2055"]
[BlackElo "2550"]
[PlyCount "94"]
[EventDate "2014.07.19"]

1. e4 e5 2. Nf3 Nc6 3. Nc3 Nf6 4. d4 Bb4 5. d5 Ne7 6. Nxe5 d6 7. Bb5+ c6 8.
dxc6 O-O 9. Nd7 Bxd7 10. cxd7 Nxe4 11. Qd3 Nc5 12. Qxd6 Qa5 13. O-O Ne6 14. Qd3
Bxc3 15. bxc3 Ng6 16. f4 a6 17. Bc4 Rfd8 18. Bxe6 fxe6 19. f5 Ne5 20. Qd6 Rxd7
21. Qxe6+ Rf7 22. Bf4 Qc5+ 23. Kh1 Ng4 24. h3 Nf6 25. Qe5 Rc8 26. Rf3 Qc6 27.
Bg5 Ne4 28. Bh4 Re8 29. Qf4 Nxc3 30. f6 Nd5 31. Qg3 Nxf6 32. Raf1 Ne4 33. Qg4
Rxf3 34. Qxf3 h6 35. Qf7+ Kh7 36. Re1 Re6 37. Qf5+ Kg8 38. Rd1 Re8 39. Qd7 Re6
40. Qd8+ Kh7 41. Qf8 Qxc2 42. Rd8 Qc1+ 43. Kh2 Qc7+ 44. Kh1 Nf6 45. Rc8 Qf4 46.
Qf7 Re2 47. Qxb7 Qxh4 0-1

[Event "18th "]
[Site "Senta"]
[Date "2014.07.20"]
[Round "2.2"]
[White "Nadj Hedjesi, Balind"]
[Black "Puhalo, Zdravko"]
[Result "1-0"]
[WhiteElo "2415"]
[BlackElo "2049"]
[PlyCount "153"]
[EventDate "2014.07.19"]

1. e4 d6 2. d4 Nf6 3. f3 Nc6 4. Bg5 e5 5. d5 Nb8 6. c4 Be7 7. Nc3 b6 8. Bd3
Nbd7 9. b4 a5 10. a3 O-O 11. Be3 Nh5 12. Nge2 Bg5 13. Bf2 Nf4 14. Nxf4 exf4 15.
O-O Bf6 16. Qd2 Be5 17. Rac1 Nf6 18. c5 axb4 19. axb4 bxc5 20. bxc5 Ba6 21. Ra1
Qc8 22. c6 g5 23. Bxa6 Rxa6 24. Qd3 Rxa1 25. Rxa1 Qb8 26. Rb1 Qa8 27. Nb5 Qa5
28. Be1 Qb6+ 29. Bf2 Qa5 30. Qa3 Qxa3 31. Nxa3 Ra8 32. Nc4 Ne8 33. g4 f6 34. h4
h6 35. h5 Kf7 36. Kf1 Ra2 37. Rd1 Ra4 38. Rc1 Ke7 39. Rc2 Kf7 40. Ke2 Ra1 41.
Kd3 Ke7 42. Nd2 Ra4 43. Rc4 Ra2 44. Rb4 Ra3+ 45. Nb3 Ra2 46. Be1 Ra3 47. Rb8 f5
48. exf5 Nf6 49. Kc4 Ra2 50. Rb7 Kd8 51. Ba5 Ne8 52. Rb8+ Ke7 53. Rc8 Rc2+ 54.
Kd3 Rb2 55. Nd4 Ra2 56. Nb3 Rb2 57. Nd2 Ra2 58. Bxc7 Ra3+ 59. Kc2 Rc3+ 60. Kd1
Rd3 61. Bb6 Rc3 62. c7 Nf6 63. Ba5 Ra3 64. Ra8 Ra1+ 65. Ke2 Rc1 66. c8=Q Rxc8
67. Rxc8 Nxd5 68. Ne4 Ne3 69. f6+ Ke6 70. Re8+ Kf7 71. Re7+ Kf8 72. Rxe5 dxe5
73. Nxg5 hxg5 74. h6 Kg8 75. Bb4 Nc2 76. Bc5 Nd4+ 77. Bxd4 1-0

[Event "18th "]
[Site "Senta"]
[Date "2014.07.20"]
[Round "2.3"]
[White "Marjanovics, Annamaria"]
[Black "Nestorovic, Dejan"]
[Result "0-1"]
[WhiteElo "2051"]
[BlackElo "2408"]
[PlyCount "154"]
[EventDate "2014.07.19"]

1. d4 Nf6 2. c4 g6 3. Nc3 d5 4. Bg5 Ne4 5. Bf4 Nxc3 6. bxc3 Bg7 7. e3 O-O 8.
Nf3 c5 9. cxd5 Qxd5 10. Be2 Nc6 11. O-O b6 12. Nd2 cxd4 13. cxd4 Bb7 14. Bf3
Qd7 15. Nc4 Rac8 16. Rc1 Rfd8 17. Bg4 f5 18. Bf3 Nb4 19. Bxb7 Qxb7 20. Qb3 Nd5
21. Be5 Bf8 22. f3 e6 23. e4 Nb4 24. Ne3 Qf7 25. Rfd1 Nc6 26. Nc4 Be7 27. Qb2
Qf8 28. d5 exd5 29. exd5 Nxe5 30. Qxe5 Qf7 31. d6 Bf6 32. Qb5 Rc5 33. Qb4 Rd7
34. a4 Rc8 35. Qb5 Rc5 36. Qb4 Rd5 37. Ne3 Rxd1+ 38. Rxd1 Bg7 39. Nc4 h6 40.
Qb5 Qe6 41. h3 Kh7 42. Qc6 Rd8 43. Qb5 Qd7 44. Qb3 Qc6 45. Qb4 Bf8 46. Ne5 Rxd6
47. Rxd6 Qxd6 48. Qxd6 Bxd6 49. Nc4 Bc5+ 50. Kf1 a6 51. Ke2 b5 52. axb5 axb5
53. Ne5 Bd6 54. Nc6 Kg7 55. Kd3 Kf6 56. Kd4 Kg5 57. Ke3 Bc5+ 58. Ke2 b4 59. Na5
Kf4 60. Nb3 Bb6 61. Nc1 Kg3 62. Kf1 Be3 63. Nb3 h5 64. Na1 g5 65. Nb3 g4 66.
hxg4 hxg4 67. fxg4 fxg4 68. Na1 Kf4 69. Ke2 Ke4 70. Nc2 Bc5 71. Na1 Kd4 72. Kd2
Kc4 73. Kc2 Bd4 74. Nb3 Bc3 75. Nc1 Kd4 76. Kd1 Ke3 77. Ne2 Kf2 0-1

[Event "18th "]
[Site "Senta"]
[Date "2014.07.20"]
[Round "2.4"]
[White "Kosanovic, Goran A"]
[Black "Penjov, Damjan"]
[Result "1-0"]
[WhiteElo "2394"]
[BlackElo "2032"]
[PlyCount "87"]
[EventDate "2014.07.19"]

1. d4 Nf6 2. Nf3 g6 3. Nc3 Bg7 4. e4 d6 5. h3 c6 6. Be3 O-O 7. Qd2 b5 8. Bd3 a6
9. Bh6 Re8 10. Bxg7 Kxg7 11. e5 Nd5 12. Nxd5 cxd5 13. O-O Nc6 14. Rfe1 Qc7 15.
Qf4 dxe5 16. dxe5 Be6 17. c3 Qc8 18. a4 Rb8 19. axb5 axb5 20. b4 Bf5 21. Rad1
Rd8 22. g4 Bxd3 23. Rxd3 h6 24. e6 f6 25. h4 Rd6 26. Rde3 Qg8 27. h5 g5 28. Qf5
Qh7 29. Rd1 Qxf5 30. gxf5 Rbd8 31. Nd4 Nxd4 32. Rxd4 Kf8 33. Kf1 Kg7 34. Red3
Kf8 35. Ke2 Kg7 36. Rd2 Kf8 37. Ra2 Rc6 38. Kd2 Rc4 39. Ra5 Rxd4+ 40. cxd4 Rb8
41. Kd3 Rb7 42. Ra8+ Kg7 43. Rd8 Ra7 44. Rxd5 1-0

[Event "18th "]
[Site "Senta"]
[Date "2014.07.20"]
[Round "2.5"]
[White "Juhasz, Bencze"]
[Black "Obodchuk, Andrei"]
[Result "0-1"]
[WhiteElo "2033"]
[BlackElo "2374"]
[PlyCount "44"]
[EventDate "2014.07.19"]

1. e4 c5 2. Nf3 Nc6 3. d4 cxd4 4. Nxd4 Nf6 5. Nc3 d6 6. Bc4 e6 7. Be3 Be7 8.
Qe2 Bd7 9. O-O-O Rc8 10. f4 Na5 11. Bxe6 fxe6 12. e5 O-O 13. exf6 Bxf6 14. Ne4
Nc4 15. Kb1 Qb6 16. Nxf6+ Rxf6 17. Bc1 Rxf4 18. Nxe6 Rf2 19. Qg4 Na3+ 20. Ka1
Nxc2+ 21. Kb1 Na3+ 22. Ka1 Rxc1+ 0-1

[Event "18th "]
[Site "Senta"]
[Date "2014.07.20"]
[Round "2.6"]
[White "Besedes, Danilo"]
[Black "Nestorovic, Lazar"]
[Result "0-1"]
[WhiteElo "2029"]
[BlackElo "2331"]
[PlyCount "76"]
[EventDate "2014.07.19"]

1. d4 d5 2. c4 e6 3. Nf3 Nf6 4. g3 Be7 5. Bg2 O-O 6. O-O c6 7. Nbd2 Nbd7 8. Qc2
b6 9. b3 Bb7 10. Bb2 Rc8 11. Rac1 c5 12. Qb1 dxc4 13. Nxc4 b5 14. Ncd2 Qb6 15.
Rfd1 Rfd8 16. e3 a6 17. Ne1 Bxg2 18. Nxg2 Qb7 19. dxc5 Nxc5 20. Nf4 Nfe4 21.
Nxe4 Nxe4 22. Rxc8 Rxc8 23. h4 Bf6 24. Nh5 Bc3 25. Qd3 h6 26. Qe2 Bxb2 27. Qxb2
Nc3 28. Kh2 e5 29. Rc1 b4 30. g4 Qf3 31. Rg1 g6 32. Ng3 Nd1 33. Rxd1 Qxd1 34.
Ne4 Rc1 35. Qxe5 Qh1+ 36. Kg3 Rg1+ 37. Kf4 Qh2+ 38. Ng3 Qxf2+ 0-1

[Event "18th "]
[Site "Senta"]
[Date "2014.07.20"]
[Round "2.7"]
[White "Radusinovic, Lazar"]
[Black "Cvetanovic, Damjan"]
[Result "1-0"]
[WhiteElo "2318"]
[BlackElo "2027"]
[PlyCount "77"]
[EventDate "2014.07.19"]

1. d4 d6 2. Nf3 Bg4 3. g3 Nd7 4. Bg2 e5 5. O-O c6 6. c4 Ngf6 7. Nc3 h6 8. Be3
Be7 9. Qc2 Bh5 10. h3 Bg6 11. Qb3 Qc7 12. c5 exd4 13. cxd6 Bxd6 14. Bxd4 O-O
15. Rac1 Bc5 16. Rfd1 Qb6 17. Qxb6 axb6 18. Bxc5 Nxc5 19. Ne5 Be4 20. Nd7 Ncxd7
21. Bxe4 Nxe4 22. Nxe4 Nc5 23. Nxc5 bxc5 24. a3 Rfd8 25. Kf1 b6 26. Ke1 Kf8 27.
Rxd8+ Rxd8 28. Rd1 Rc8 29. Rd7 b5 30. Kd2 g6 31. e4 b4 32. axb4 cxb4 33. Kd3
Ke8 34. Rd6 Ke7 35. e5 c5 36. Kc4 b3 37. f4 Rb8 38. Kxc5 h5 39. h4 1-0

[Event "18th "]
[Site "Senta"]
[Date "2014.07.20"]
[Round "2.8"]
[White "Jancikin, Svetozar"]
[Black "Vucinic, Gojko"]
[Result "0-1"]
[WhiteElo "2026"]
[BlackElo "2313"]
[PlyCount "36"]
[EventDate "2014.07.19"]

1. e4 c5 2. b4 cxb4 3. d4 e6 4. Nf3 d5 5. e5 Bd7 6. Bd3 Qa5 7. O-O Bb5 8. a3
Bxd3 9. Qxd3 Nc6 10. Qb3 Nge7 11. Bd2 Nf5 12. c3 Qa6 13. axb4 Qxa1 14. Na3
Nfxd4 15. cxd4 Nxd4 16. Qa4+ b5 17. Qa6 Ne2+ 18. Kh1 Qxf1+ 0-1

[Event "18th "]
[Site "Senta"]
[Date "2014.07.20"]
[Round "2.9"]
[White "Zivkovic, Nemanja"]
[Black "Sakic, Lorand"]
[Result "1-0"]
[WhiteElo "2284"]
[BlackElo "2024"]
[PlyCount "95"]
[EventDate "2014.07.19"]

1. e4 e5 2. Nf3 Nf6 3. Nxe5 d6 4. Nf3 Nxe4 5. d4 d5 6. Bd3 Be7 7. O-O O-O 8. c4
c6 9. Nc3 Nxc3 10. bxc3 dxc4 11. Bxc4 Nd7 12. Qd3 b5 13. Bb3 Nc5 14. Qc2 Nxb3
15. axb3 Be6 16. Ne5 c5 17. Nc6 Qc7 18. Nxe7+ Qxe7 19. dxc5 a5 20. Be3 f5 21.
f3 Qf7 22. c4 bxc4 23. bxc4 Bxc4 24. Rfb1 a4 25. Rb4 Bb3 26. Qc3 Rfb8 27. Rc1
Rxb4 28. Qxb4 Qe6 29. Bd4 Qc6 30. Re1 Re8 31. Rc1 Rd8 32. Bb2 Rc8 33. Qd4 Rc7
34. Qd8+ Kf7 35. Qg5 Qg6 36. Qf4 Rc8 37. Qd4 Re8 38. Qd3 Qe6 39. Kf2 Re7 40. c6
Rc7 41. Qd4 Kg6 42. Rc5 Re7 43. Qd2 Rc7 44. h4 h6 45. Qd4 Re7 46. Kg3 Qe1+ 47.
Kh2 Be6 48. Re5 1-0

[Event "18th "]
[Site "Senta"]
[Date "2014.07.20"]
[Round "2.10"]
[White "Dinic, Nenad"]
[Black "Simonyi, Zoltan"]
[Result "1/2-1/2"]
[WhiteElo "2021"]
[BlackElo "2262"]
[PlyCount "39"]
[EventDate "2014.07.19"]

1. e4 g6 2. d4 Bg7 3. Nc3 d6 4. f4 c5 5. Be3 Qa5 6. Bb5+ Kf8 7. Nf3 Nf6 8. O-O
Nxe4 9. Nxe4 Qxb5 10. dxc5 Bf5 11. Nxd6 exd6 12. Qxd6+ Kg8 13. Qd8+ Bf8 14. Bd4
Nc6 15. Qxa8 Nxd4 16. Nxd4 Qxc5 17. c3 Be4 18. Qe8 Bd5 19. f5 Bc6 20. Qd8
1/2-1/2

[Event "18th "]
[Site "Senta"]
[Date "2014.07.20"]
[Round "2.11"]
[White "Stanojevic, Branko"]
[Black "Nestorovic, Irena"]
[Result "1-0"]
[WhiteElo "2251"]
[BlackElo "2018"]
[PlyCount "41"]
[EventDate "2014.07.19"]

1. Nf3 Nf6 2. g3 d5 3. Bg2 g6 4. b3 Bg7 5. Bb2 c6 6. c4 Bf5 7. d3 O-O 8. Nbd2
Re8 9. O-O Nbd7 10. Nd4 Nf8 11. Nxf5 gxf5 12. cxd5 cxd5 13. Rc1 Qd6 14. Qc2 Ne6
15. Nf3 Ng4 16. Nh4 Bxb2 17. Qxb2 Ng7 18. Qxg7+ Kxg7 19. Nxf5+ Kf6 20. Nxd6
exd6 21. Bxd5 1-0

[Event "18th "]
[Site "Senta"]
[Date "2014.07.20"]
[Round "2.12"]
[White "Lazov, Toni"]
[Black "Kumic, Filip"]
[Result "1-0"]
[WhiteElo "2001"]
[BlackElo "2248"]
[PlyCount "49"]
[EventDate "2014.07.19"]

1. e4 c5 2. Nf3 d6 3. d4 cxd4 4. Nxd4 Nf6 5. Nc3 a6 6. Be3 e5 7. Nb3 Be7 8. h3
h5 9. Qd2 Be6 10. O-O-O Nbd7 11. f4 Rc8 12. Be2 h4 13. Bf3 Qc7 14. Rhe1 g6 15.
Kb1 Nb6 16. Bxb6 Qxb6 17. Nd5 Nxd5 18. exd5 Bf5 19. Be4 Bxe4 20. Rxe4 f6 21.
fxe5 dxe5 22. d6 Rd8 23. d7+ Kf7 24. Qd5+ Kg7 25. Nd4 1-0

[Event "18th "]
[Site "Senta"]
[Date "2014.07.20"]
[Round "2.13"]
[White "Kovacs, Arthur"]
[Black "Jovanovic, Aleksandar D"]
[Result "0-1"]
[WhiteElo "1997"]
[BlackElo "2234"]
[PlyCount "54"]
[EventDate "2014.07.19"]

1. d4 Nf6 2. Nf3 b6 3. g3 Bb7 4. Bg2 c5 5. c4 cxd4 6. Qxd4 Nc6 7. Qd2 Na5 8. b3
e6 9. O-O Ne4 10. Qc2 Rc8 11. Nfd2 Nd6 12. a4 Nc6 13. Bb2 h5 14. Nc3 h4 15.
Nde4 Nf5 16. e3 hxg3 17. hxg3 Nb4 18. Qe2 Qe7 19. Rad1 d5 20. cxd5 exd5 21. Nd2
Qe6 22. Nf3 Bc5 23. Rfe1 Kf8 24. Nb5 Qh6 25. Nbd4 Bxd4 26. Nxd4 Qh2+ 27. Kf1
Nxd4 0-1

[Event "18th "]
[Site "Senta"]
[Date "2014.07.20"]
[Round "2.14"]
[White "Vranic, Ljubomir"]
[Black "Mulenko, Alexander"]
[Result "1-0"]
[WhiteElo "2218"]
[BlackElo "2000"]
[PlyCount "90"]
[EventDate "2014.07.19"]

1. d4 Nf6 2. c4 e6 3. g3 Bb4+ 4. Bd2 c5 5. Bxb4 cxb4 6. Bg2 O-O 7. e4 d6 8. Qd2
a5 9. e5 dxe5 10. dxe5 Nfd7 11. f4 Qc7 12. Qe2 Rd8 13. Nf3 Nc5 14. O-O Nc6 15.
Nbd2 b6 16. Ne4 Nxe4 17. Qxe4 Bb7 18. Ng5 g6 19. Qf3 Kg7 20. Rad1 h6 21. Nh3
Rxd1 22. Rxd1 Rd8 23. Nf2 Rd7 24. Rxd7 Qxd7 25. Qe3 Qc7 26. Ng4 Nd8 27. f5 Qc5
28. f6+ Kh7 29. Qxc5 bxc5 30. Bxb7 Nxb7 31. b3 h5 32. Nf2 Kg8 33. Kg2 Kf8 34.
Kf3 Ke8 35. Kf4 Kd7 36. Nd3 Ke8 37. Kg5 Kf8 38. Kf4 Ke8 39. Nf2 Kd7 40. Ne4 Ke8
41. Kg5 Kf8 42. Kh6 Ke8 43. Kg7 a4 44. bxa4 Na5 45. Nd6+ Kd7 1-0

[Event "18th "]
[Site "Senta"]
[Date "2014.07.20"]
[Round "2.15"]
[White "Toth, Kazmer"]
[Black "Nagy, Attila N"]
[Result "0-1"]
[WhiteElo "1964"]
[BlackElo "2212"]
[PlyCount "96"]
[EventDate "2014.07.19"]

1. d4 Nf6 2. c4 e6 3. Nc3 Bb4 4. Qc2 c5 5. Nf3 cxd4 6. Nxd4 Nc6 7. Nb3 d5 8.
cxd5 exd5 9. e3 O-O 10. Bd3 Bd6 11. a3 Re8 12. Ne2 Bg4 13. f3 Bh5 14. Ned4 Rc8
15. Qf2 a5 16. O-O a4 17. Nxc6 bxc6 18. Nd4 Bg6 19. Bxg6 hxg6 20. Bd2 Qb6 21.
Bc3 Re7 22. Rac1 Nd7 23. Qd2 Ne5 24. Rfe1 Nc4 25. Qf2 Rce8 26. Nc2 Be5 27. Nb4
Bxc3 28. Rxc3 Re5 29. Re2 Na5 30. e4 d4 31. Rcc2 Rb5 32. Red2 Rd8 33. Rd3 Rxb4
34. axb4 Qxb4 35. Qd2 Qb5 36. Kf2 c5 37. f4 Nb3 38. Qd1 c4 39. Rdc3 d3 40. Rd2
Qc5+ 41. Kf3 Qd4 42. g3 Re8 43. e5 f6 44. Rdxd3 cxd3 45. Rxd3 Qxb2 46. exf6
Qxf6 47. Rd6 Qf5 48. Rd8 Qh5+ 0-1

[Event "18th "]
[Site "Senta"]
[Date "2014.07.20"]
[Round "2.16"]
[White "Popov, Stevan"]
[Black "Kecskemeti, Arpad"]
[Result "1-0"]
[WhiteElo "2189"]
[BlackElo "1966"]
[PlyCount "61"]
[EventDate "2014.07.19"]

1. e4 c5 2. Nf3 d6 3. d4 cxd4 4. Qxd4 Nc6 5. Bb5 Bd7 6. Bxc6 Bxc6 7. Nc3 Nf6 8.
Bg5 e6 9. O-O-O Be7 10. Rhe1 O-O 11. e5 Nd5 12. Bxe7 Qxe7 13. Ne4 dxe5 14. Nxe5
Rac8 15. Qxa7 Ra8 16. Nxc6 Qc7 17. Qc5 bxc6 18. c4 Nb6 19. Rd6 Rfc8 20. Red1
Na4 21. Qe5 Qa7 22. Qd4 Qc7 23. c5 e5 24. Qxe5 Re8 25. Qd4 Qe7 26. f3 f5 27.
Rd7 Qf8 28. Nd6 Re7 29. Qc4+ Kh8 30. Nf7+ Kg8 31. Rd8 1-0

[Event "18th "]
[Site "Senta"]
[Date "2014.07.20"]
[Round "2.18"]
[White "Jovicic, Radosav"]
[Black "Molnar Gabor, Roland"]
[Result "1-0"]
[WhiteElo "2141"]
[BlackElo "1956"]
[PlyCount "43"]
[EventDate "2014.07.19"]

1. d4 Nf6 2. Nf3 g6 3. c4 Bg7 4. Nc3 d5 5. e3 O-O 6. cxd5 Nxd5 7. Qb3 c6 8. Be2
e6 9. O-O Nd7 10. e4 Nxc3 11. bxc3 b6 12. Bg5 Qc7 13. e5 Bb7 14. Rfd1 c5 15.
Be7 Rfc8 16. Bd6 Qd8 17. dxc5 Qe8 18. Bb5 Bxf3 19. gxf3 bxc5 20. Qa4 Nb6 21.
Bxe8 Nxa4 22. Bxa4 1-0

[Event "18th "]
[Site "Senta"]
[Date "2014.07.20"]
[Round "2.19"]
[White "Tomin, Kristifor"]
[Black "Kiproski, Branislav"]
[Result "0-1"]
[WhiteElo "1947"]
[BlackElo "2139"]
[PlyCount "54"]
[EventDate "2014.07.19"]

1. Nf3 c5 2. e4 Nf6 3. e5 Nd5 4. c3 Nc6 5. d4 cxd4 6. cxd4 e6 7. a3 d6 8. exd6
Bxd6 9. Be2 O-O 10. O-O b6 11. Nbd2 Bb7 12. Ne4 Bc7 13. Bg5 Nce7 14. Qd2 f6 15.
Bh4 Nf4 16. Bd3 Qd5 17. Nc3 Nh3+ 18. Kh1 Qxf3 19. Rg1 Qh5 20. Bg3 Bxg3 21. fxg3
Nxg1 22. Rxg1 Rad8 23. Re1 Nf5 24. Bxf5 Qxf5 25. Qe3 e5 26. dxe5 fxe5 27. Kg1
Rd3 0-1

[Event "18th "]
[Site "Senta"]
[Date "2014.07.20"]
[Round "2.24"]
[White "Bernath, Robert"]
[Black "Vucurovic, Nebojsa"]
[Result "1-0"]
[WhiteElo "2102"]
[BlackElo "1921"]
[PlyCount "39"]
[EventDate "2014.07.19"]

1. e4 e5 2. Nf3 Nc6 3. d4 exd4 4. Nxd4 Bc5 5. Be3 Qf6 6. c3 Nge7 7. Bc4 O-O 8.
O-O d6 9. Nxc6 Nxc6 10. Bxc5 dxc5 11. f4 Qh4 12. Na3 Bg4 13. Qe1 Qe7 14. h3 Be6
15. Bd3 Rad8 16. Bc2 a6 17. Qg3 Rd2 18. f5 Bc8 19. f6 Qe5 20. Qxg7# 1-0

[Event "18th "]
[Site "Senta"]
[Date "2014.07.20"]
[Round "2.30"]
[White "Andrijevic, Milan"]
[Black "Uzumcu, Ahmet Utku"]
[Result "0-1"]
[WhiteElo "2336"]
[BlackElo "1780"]
[PlyCount "108"]
[EventDate "2014.07.19"]

1. e4 e5 2. Nf3 Nc6 3. Bb5 a6 4. Ba4 Nf6 5. O-O Be7 6. Re1 b5 7. Bb3 d6 8. c3
O-O 9. h3 Na5 10. Bc2 c5 11. d4 Qc7 12. Nbd2 cxd4 13. cxd4 Bd7 14. Nf1 Rac8 15.
Re2 Rfe8 16. Ng3 Nc6 17. a3 exd4 18. Nxd4 Nxd4 19. Qxd4 Qc4 20. Qxc4 bxc4 21.
Bd2 g6 22. Rae1 Bc6 23. Bc3 Nd7 24. Rd2 Nc5 25. Red1 Bf8 26. f3 Bh6 27. Re2 Bf4
28. Nf1 d5 29. e5 f6 30. e6 Rxe6 31. Rxe6 Nxe6 32. Bxf6 Kf7 33. Bc3 Rd8 34. Nd2
Be3+ 35. Kh1 Nd4 36. Bb1 Ne6 37. Ba2 Rb8 38. Nf1 Bc5 39. Be5 Re8 40. Ng3 Nf8
41. Bc3 Re3 42. Re1 Rxc3 43. bxc3 Bf2 44. Rb1 Bxg3 45. Rb6 Bb5 46. a4 Bxa4 47.
Rxa6 Bd7 48. Kg1 Be5 49. Ra3 Be6 50. Kf1 Nd7 51. Ke2 Nc5 52. Bb1 Nb3 53. Bc2 d4
54. Bxb3 cxb3 0-1

[Event "18th "]
[Site "Senta"]
[Date "2014.07.20"]
[Round "3.1"]
[White "Atalik, Suat"]
[Black "Popov, Stevan"]
[Result "1-0"]
[WhiteElo "2550"]
[BlackElo "2189"]
[PlyCount "61"]
[EventDate "2014.07.19"]

1. d4 Nf6 2. c4 e6 3. g3 d5 4. Bg2 Be7 5. Nf3 O-O 6. O-O c6 7. Nc3 Nbd7 8. Bf4
Re8 9. Qd3 dxc4 10. Qxc4 Nb6 11. Qb3 Nbd5 12. Be5 Qb6 13. Qc2 Qa6 14. e4 Nxc3
15. bxc3 c5 16. Rfb1 Qc6 17. Bxf6 gxf6 18. d5 exd5 19. exd5 Qxd5 20. Nh4 Qe5
21. Bxb7 Bxb7 22. Rxb7 Bf8 23. Rxf7 Kxf7 24. Qxh7+ Ke6 25. Ng6 Qxc3 26. Nf4+
Kd6 27. Rd1+ Qd4 28. Rxd4+ cxd4 29. Qd3 Kc5 30. Qc2+ Kb5 31. Qb3+ 1-0

[Event "18th "]
[Site "Senta"]
[Date "2014.07.20"]
[Round "3.2"]
[White "Nadj Hedjesi, Balind"]
[Black "Jovicic, Radosav"]
[Result "1-0"]
[WhiteElo "2414"]
[BlackElo "2141"]
[PlyCount "103"]
[EventDate "2014.07.19"]

1. e4 c5 2. Ne2 e6 3. d4 cxd4 4. Nxd4 a6 5. a3 d5 6. exd5 exd5 7. g3 Nf6 8. Bg2
Be7 9. O-O O-O 10. h3 Nc6 11. b4 a5 12. bxa5 Nxa5 13. Nc3 h6 14. Bf4 Nc4 15. a4
Qa5 16. Nxd5 Nxd5 17. Nb3 Qb4 18. Qxd5 Rxa4 19. Rxa4 Qxa4 20. Re1 Rd8 21. Qh5
Bb4 22. Rb1 Na3 23. Rd1 Rxd1+ 24. Qxd1 Qe8 25. Kh2 b5 26. Qd3 Bf8 27. Nd4 Qe1
28. Be3 Qb4 29. Bc6 Nc4 30. Bxb5 Nxe3 31. Qxe3 Bb7 32. Bf1 Qa4 33. Bg2 Bxg2 34.
Kxg2 Bc5 35. c3 Qc4 36. Qe8+ Kh7 37. Qe1 Qd5+ 38. Nf3 g6 39. Qe5 Qc6 40. c4 Qb6
41. Qd5 Qa7 42. Ne5 Bxf2 43. Nc6 Qe3 44. Qxf7+ Kh8 45. Qxf2 Qe4+ 46. Qf3 Qc2+
47. Kg1 Qc1+ 48. Kh2 Qc2+ 49. Qg2 Qxc4 50. Ne5 Qa6 51. Qf2 Kg7 52. Qf7+ 1-0

[Event "18th "]
[Site "Senta"]
[Date "2014.07.20"]
[Round "3.3"]
[White "Nestorovic, Dejan"]
[Black "Rajkovic, Mladen"]
[Result "1/2-1/2"]
[WhiteElo "2408"]
[BlackElo "2116"]
[PlyCount "129"]
[EventDate "2014.07.19"]

1. d4 Nf6 2. c4 e6 3. Nc3 d5 4. Bg5 Be7 5. e3 h6 6. Bh4 O-O 7. Bd3 b6 8. Bxf6
Bxf6 9. cxd5 exd5 10. Qf3 c6 11. Nge2 g6 12. b4 Bg7 13. b5 Bb7 14. bxc6 Nxc6
15. O-O Ne7 16. a4 a6 17. Rab1 Rc8 18. Rb3 Rc6 19. Rfb1 Rf6 20. Qg3 Rd6 21. Nf4
Bc8 22. Qf3 Bb7 23. Qe2 a5 24. Qb2 Nc8 25. Be2 Qg5 26. Nb5 Rd7 27. Rc1 Rfd8 28.
Rbc3 Qe7 29. Bf3 Nd6 30. Nxd6 Rxd6 31. Rb3 g5 32. Nh5 Bc6 33. Qa3 Rb8 34. Rcb1
Qc7 35. Nxg7 Kxg7 36. g3 Rf6 37. Be2 Qd7 38. Bb5 Qf5 39. Qa2 Rc8 40. Bd3 Qd7
41. Rc3 Rb8 42. Bb5 Bxb5 43. Rxb5 Rc8 44. Rc2 Qf5 45. Rxc8 Qxc8 46. Rb1 Qf5 47.
Rc1 Qf3 48. Qc2 Qf5 49. Qe2 Qd7 50. Qc2 b5 51. axb5 Qxb5 52. Qa2 Qb4 53. Qxd5
Qb2 54. Rf1 a4 55. Qa5 a3 56. Qe1 a2 57. Kg2 g4 58. d5 a1=Q 59. Qxa1 Rxf2+ 60.
Kg1 Rg2+ 61. Kh1 Rxh2+ 62. Kg1 Rg2+ 63. Kh1 Rh2+ 64. Kg1 Rg2+ 65. Kh1 1/2-1/2

[Event "18th "]
[Site "Senta"]
[Date "2014.07.20"]
[Round "3.4"]
[White "Kiproski, Branislav"]
[Black "Kosanovic, Goran A"]
[Result "1-0"]
[WhiteElo "2139"]
[BlackElo "2394"]
[PlyCount "61"]
[EventDate "2014.07.19"]

1. d4 c5 2. d5 Nf6 3. Nc3 e5 4. e4 d6 5. Bb5+ Nbd7 6. a4 Be7 7. Nf3 O-O 8. O-O
Ne8 9. a5 a6 10. Bd3 g6 11. Nd2 f5 12. f4 Ng7 13. Nc4 exf4 14. Bxf4 Nf6 15. e5
dxe5 16. Bxe5 Ng4 17. d6 Bf6 18. Bxf6 Nxf6 19. Re1 Bd7 20. Nb6 Rb8 21. Bc4+ Kh8
22. Re7 Bc6 23. Qd2 f4 24. Qxf4 Nfh5 25. Qd2 Nf5 26. Rae1 Nxe7 27. Rxe7 Re8 28.
Ncd5 Rxe7 29. Nxe7 Qf8 30. Nxc6 bxc6 31. Nd7 1-0

[Event "18th "]
[Site "Senta"]
[Date "2014.07.20"]
[Round "3.5"]
[White "Obodchuk, Andrei"]
[Black "Bernath, Robert"]
[Result "1-0"]
[WhiteElo "2374"]
[BlackElo "2102"]
[PlyCount "73"]
[EventDate "2014.07.19"]

1. d4 Nf6 2. c4 g6 3. Nc3 d5 4. cxd5 Nxd5 5. e4 Nxc3 6. bxc3 Bg7 7. Be3 c5 8.
Nf3 Qa5 9. Nd2 cxd4 10. Nc4 Qd8 11. cxd4 f5 12. e5 Nc6 13. f4 Be6 14. Qd2 Qd5
15. Rb1 O-O 16. Na3 Qxa2 17. Qxa2 Bxa2 18. Rxb7 Rab8 19. Rxb8 Rxb8 20. Bb5 Nb4
21. Kd2 Bd5 22. Rc1 e6 23. Rc7 a5 24. Ra7 Nc6 25. Ra6 Bf8 26. Bxc6 Bxa3 27.
Bxd5 exd5 28. Kc3 Bb4+ 29. Kd3 Rb7 30. h3 Kf7 31. g4 fxg4 32. hxg4 Kg7 33. f5
gxf5 34. gxf5 Rc7 35. Bh6+ Kf7 36. Bd2 h5 37. Rh6 1-0